Ética y política en el pensamiento social de Bertrand Russell
Este libro trata sobre la naturaleza y relación entre la ética y la política según el pensamiento de Bertrand Russell. A partir de las variaciones de la opinión sobre la relación entre pasión y razón, Carvajal distingue tres periodos claves para distinguir la relación ética-política a partir de las...
Na minha lista:
| Autor principal: | |
|---|---|
| Formato: | Livro |
| Idioma: | Undetermined |
| Publicado em: |
San José, Costa Rica
Antanaclasis, Editores, S. A.
2011
|
| Assuntos: | |
| Tags: |
Adicionar Tag
Sem tags, seja o primeiro a adicionar uma tag!
|
MARC
| LEADER | 00000nam a2200000Ia 4500 | ||
|---|---|---|---|
| 008 | 170316s9999 xx 000 0 und d | ||
| 040 | |a cru BVZT | ||
| 090 | |a 100 C-13.1e | ||
| 100 | |a Carvajal Villaplana, Álvaro |9 1589 | ||
| 245 | |a Ética y política en el pensamiento social de Bertrand Russell | ||
| 260 | |a San José, Costa Rica | ||
| 260 | |b Antanaclasis, Editores, S. A. | ||
| 260 | |c 2011 | ||
| 300 | |a 341 páginas | ||
| 520 | |a Este libro trata sobre la naturaleza y relación entre la ética y la política según el pensamiento de Bertrand Russell. A partir de las variaciones de la opinión sobre la relación entre pasión y razón, Carvajal distingue tres periodos claves para distinguir la relación ética-política a partir de las combinaciones entre los deseos, las emociones, los valores y las acciones. El primer periodo va de 1900 a 1914 denominado como objetivista, el segundo parte de 1914 y llega hasta 1940 y es denominado el período subjetivista, el tercero y último es el periodo de 1940- a 1970, el de síntesis | ||
| 650 | |a FILOSOFÍA |9 5 | ||
| 650 | |a ÉTICA |9 104 | ||
| 650 | |a BERTRAND RUSSELL |9 1590 | ||
| 650 | |a PENSAMIENTO FILOSÓFICO Y ÉTICO |9 1591 | ||
| 650 | |a FILOSOFÍA POLÍTICA |9 1592 | ||
| 650 | |a VIOLENCIA |9 1593 | ||
| 650 | |a PACIFISMO |9 1594 | ||
| 650 | |a FREUD |9 1595 | ||
| 999 | |c 15843 |d 15843 | ||
| 942 | |c 15 D |h 100 C-13.1e |2 z | ||
